| 000 | 00961nam a22002897a 4500 | ||
|---|---|---|---|
| 003 | CHAP | ||
| 005 | 20220329141446.0 | ||
| 008 | 971013s r 00010 d | ||
| 010 | _a68477 | ||
| 011 | _a69449 | ||
| 035 | _a78925 | ||
| 040 | _cCHAP | ||
| 090 | _aR-3108 | ||
| 100 | 0 | 0 |
_aSturz, A. G. _9110110 |
| 245 | _aFlower formation induced by kinetin and vitamin E treatment in long day plant (Arabidopsis thaliana) grown in short day | ||
| 500 | _aSobretiro de: Sonderdruck aus der zeischrift Die Naturwissenschaften, 22 (623): 1-2, 1965 | ||
| 590 |
_aBATCH-UPD _b10 _c20130110 _lUCH01 _h0331 |
||
| 590 |
_aCONVERSION _b10 _c20130109 _lUCH01 _h1338 |
||
| 650 | 1 | 4 |
_aFlores. _941358 |
| 650 | 1 | 4 |
_aGiberelinas. _947872 |
| 650 | 1 | 4 |
_aLuz _xEfecto en plantas. _969241 |
| 650 | 1 | 4 |
_aPlantas _xCrecimiento _xEstimulantes. _988808 |
| 650 | 1 | 4 |
_aVitaminas (E) _9120017 |
| 901 | _aBK | ||
| 942 | _cLIBRO | ||
| 949 |
_aR-3108 _bBC _cLIBRO _d-31802 _eLIBRO _i78925 _si |
||
| 999 |
_c68477 _d68477 |
||